000 00691nam a2200205Ii 4500
003 JO-AjNU
008 230605s9999||||xx |||||||||||||| ||und||
040 _aJO-AjNU
_bara
_erda
_cJO-AjNU
041 _aara
050 1 4 _aBP130.4.J3724 2013
100 3 _aجرار، بسام نهاد,
_eauthor
_956742
245 0 0 _aسياحة الفكر: مقالات في التفسير
250 _aط1
264 3 1 _aالبيرة: مركز نون للدراسات والابحاث القرآنية، 2013
300 _a468ص
336 _atext
_btxt
_2rdacontent
337 _aunmediated
_bn
_2rdamedia
338 _avolume
_bnc
_2rdacarrier
650 4 _aالقرآن الكريم- تفسير
_956743
999 _aA25387
_c28955
_d28955